<?xml version="1.0" encoding="UTF-8"?>
<record
    xmlns:xsi="http://www.w3.org/2001/XMLSchema-instance"
    xsi:schemaLocation="http://www.loc.gov/MARC21/slim http://www.loc.gov/standards/marcxml/schema/MARC21slim.xsd"
    xmlns="http://www.loc.gov/MARC21/slim">

  <leader>00709    a2200169   4500</leader>
  <controlfield tag="003">Nust</controlfield>
  <controlfield tag="005">20230306112408.0</controlfield>
  <datafield tag="040" ind1=" " ind2=" ">
    <subfield code="c">Nust</subfield>
  </datafield>
  <datafield tag="082" ind1=" " ind2=" ">
    <subfield code="a">305.4,PAT</subfield>
  </datafield>
  <datafield tag="100" ind1=" " ind2=" ">
    <subfield code="a">Rashida Patel.</subfield>
    <subfield code="9">109816</subfield>
  </datafield>
  <datafield tag="245" ind1=" " ind2=" ">
    <subfield code="a">Women and law in Pakistan /</subfield>
    <subfield code="c">Rashida Patel.</subfield>
  </datafield>
  <datafield tag="260" ind1=" " ind2=" ">
    <subfield code="a">Karachi : Faiza Publishers,</subfield>
    <subfield code="b"> Faiza Publishers,</subfield>
    <subfield code="c"> 1979.</subfield>
  </datafield>
  <datafield tag="300" ind1=" " ind2=" ">
    <subfield code="a">xxxii, 194 p.</subfield>
    <subfield code="b">23 cm.</subfield>
  </datafield>
  <datafield tag="505" ind1=" " ind2=" ">
    <subfield code="a">Need for Reforms (Paeg-1), A Girl Child is Born (Paeg-24), Marriage-Nikah (Paeg-43), Husband and Wife (Paeg-66), Polygamy (Paeg-88), Taliq,Taliq,Taliq (Paeg-98), Divorce by Wife (Paeg-116), Inheritance (Paeg-138), Matrimonial and Family Law Courts (Paeg-156).</subfield>
  </datafield>
  <datafield tag="650" ind1=" " ind2=" ">
    <subfield code="a">Women and law in Pakistan</subfield>
    <subfield code="9">109817</subfield>
  </datafield>
  <datafield tag="942" ind1=" " ind2=" ">
    <subfield code="2">ddc</subfield>
    <subfield code="c">BK</subfield>
  </datafield>
  <datafield tag="999" ind1=" " ind2=" ">
    <subfield code="c">184735</subfield>
    <subfield code="d">184735</subfield>
  </datafield>
  <datafield tag="952" ind1=" " ind2=" ">
    <subfield code="0">0</subfield>
    <subfield code="1">0</subfield>
    <subfield code="2">ddc</subfield>
    <subfield code="4">0</subfield>
    <subfield code="7">0</subfield>
    <subfield code="a">MCS</subfield>
    <subfield code="b">MCS</subfield>
    <subfield code="c">GEN</subfield>
    <subfield code="d">2016-12-12</subfield>
    <subfield code="o">305.4,PAT</subfield>
    <subfield code="p">MCS20993</subfield>
    <subfield code="r">2016-12-08</subfield>
    <subfield code="w">2016-12-12</subfield>
    <subfield code="y">BK</subfield>
    <subfield code="z">Almirah No.73, Shelf No.4</subfield>
  </datafield>
</record>
